| 000 | 00833cam a2200301Ma 4500 | ||
|---|---|---|---|
| 001 | 52036 | ||
| 005 | 20230411085710.0 | ||
| 008 | 051222s2003 bl 000 0 por d | ||
| 035 | _a(OCoLC)ocm69931442 | ||
| 040 |
_aUBA _cUBA |
||
| 020 | _a858936223X | ||
| 020 | _a9788589362238 | ||
| 035 | _a(OCoLC)69931442 | ||
| 049 | _aGRAL | ||
| 050 | 1 | 4 | _G549c 2003 |
| 100 | 1 | _aGlassner, Barry. | |
| 242 | 1 | 4 | _aThe culture of fear |
| 245 | 1 | 0 |
_aCultura do medo / _cBarry Glassner. |
| 260 |
_aSáo Paulo _bFrancis _c2003. |
||
| 300 | _a342 p. | ||
| 650 | 7 |
_aPsicologia social _zEstados unidos. _2larpcal |
|
| 650 | 7 |
_aProblemas sociais _zEstados unidos. _2larpcal |
|
| 650 | 7 |
_aMedo (sociologia) _zEstados unidos. _2larpcal |
|
| 700 | 1 |
_aKknapp, Laura _etrad. |
|
| 942 |
_2lcc _cbk |
||
| 994 |
_aC0 _bDRFGD |
||
| 946 | _acsexposito | ||
| 999 |
_c106050 _d106050 |
||